00772cam a2200253Mi 4500001001000000003000600010005001700016008004100033010001600074020001500090020001800105020001500123020001800138035002100156040003100177082001700208100002400225245004300249246007500292246006600367260004100433300002800474490001600502612223266OCoLC20190104161633.0080725s1980 nju 000 0 eng d a 81017822 a0800711122 a9780800711122 a0800750438 a9780800750435 a(OCoLC)612223266 aGyFmHBVbgercHEBISdCIRBC a211.6bL183B1 aLaHaye, Tim F.4aut04aThe battle for the mind /cTim LaHaye.0 iNebent.aYou are engaged in the battle for the mind : a subtle warfare33aYou are engaged in the battle for the mind : a subtle warfare aOld Tappan, N.J. :bRevell,cc 1980. a247 S. :bgraph. Darst.0 aPower Books